000 004240000a22001810004500
003 LK-CoMWRAF
008 230817t ||||| |||| 00| 0 eng d
040 _aLK-CoMWRAF
_dLK-CoMWRAF
_eLK-CoMWRAF
041 _aeng
082 _a010
_bSRI
100 _aSivakumar,R
100 _aSivasubramaniyan,M
245 _aSollaathakathaikal
_b
260 _aMumbai
_bSparrow
_c2001
300 _ap.222
650 _aTamil
942 _cBK
999 _c502
_d502